| 000 | 00597nam a2200205 a 4500 | ||
|---|---|---|---|
| 005 | 20140414093850.0 | ||
| 008 | 130201s19uu xx uuu eng d | ||
| 020 | _a9781906345648 | ||
| 050 |
_aCDR 370.1 _bQUE-bio 2012 |
||
| 100 | _aInternational Baccalaureate Organization | ||
| 245 |
_aIB Question Bank : _bBiology / _cInternational Baccalaureate Organization. |
||
| 250 | _a3rd ed. | ||
| 440 | _aIB Question Bank | ||
| 650 | _aInternational Baccalaureate | ||
| 650 | _aBiology | ||
| 650 | _aQuestion--answering systems | ||
| 650 | _aQuestionaires | ||
| 942 | _cAVM | ||
| 999 |
_c109816 _d109816 |
||